Normal view
MARC view
Entry Personal Name
001 - CONTROL NUMBER
- control field: 14701
003 - CONTROL NUMBER IDENTIFIER
- control field: OSt
005 - DATE AND TIME OF LATEST TRANSACTION
- control field: 20151013163338.0
008 - FIXED-LENGTH DATA ELEMENTS
- fixed length control field: 151013|| aca||aabn | a|a d
040 ## - CATALOGING SOURCE
- Original cataloging agency: OSt
- Transcribing agency: OSt
100 ## - HEADING--PERSONAL NAME
- Personal name: Nair, Sir C Sankaran
670 ## - SOURCE DATA FOUND
- Source citation: Work cat.: (OSt)42575: Nair, Sir C Sankaran, Gandhi and Anarchy, 2000









